Movies Set in California - Statistics

General Stats
  • This quiz has been taken 54 times
  • The average score is 11 of 21
Answer Stats
Hint Film % Correct
A young air force pilot if forced to enter a flying competition Top Gun
83%
A New York cop fights terrorists in an LA building Die Hard
80%
A bomb is on a bus, if it goes too slow it blows up Speed
78%
Illegal car racing with Vin Diesel The Fast and the Furious
76%
Liam Neeson's daughter was abducted, he plans on getting her back with a very specific set of skills Taken
74%
Giant robots that can turn into vehicles land on Earth Transformers
72%
For one day a year, everything is legal The Purge
67%
The first MCU film Iron Man
65%
The real life story about the founder of Apple Jobs
65%
The Dude goes on an epic adventure because gangsters pead on his rug....... The Big Lebowski
61%
A washed up actor and his stuntdouble fight the Manson Family Once Upon a Time in Hollywood
54%
A boxer throws a fight, two gangsters guard a glowing briefcase Pulp Fiction
50%
The real life story about former rap group N.W.A. Straight Outta' Compton
50%
A white Nazi supermacist goes to prison and learns the error of his ways American History X
46%
An alchoholic superhero cannot get away from his past lover Hancock
41%
A boy is trapped in an action movie with Arnold Schwarzenegger Last Action Hero
35%
After a heist gone wrong criminals have to find out who ratted them out Reservoir Dogs
35%
A group of government agents must detect if people are really people or robots Blade Runner
30%
A black flight attendent plays double agent with the police and a weapons dealer Jackie Brown
24%
You are tearing me apart Lisa! The Room
22%
The real of story about the making one of the worst movie of all time ( hint, the film mentioned is also on this list ) The Disaster Artist
17%
No matching quizzes found
Score Distribution
Percent of People with Each Score
Percentile by Number Answered
Your Score History
You have not taken this quiz